[Event "Avoine op 25th"]
[Site "Avoine"]
[Date "2010.07.??"]
[Round "6"]
[White "Robert, Thierry"]
[Black "Gallois, Jerome"]
[Result "1/2-1/2"]
[WhiteElo "1795"]
[BlackElo "2011"]
[PlyCount "104"]
[EventDate "2010.07.??"]
[EventType "swiss"]
[EventRounds "9"]
[EventCountry "FRA"]
[WhiteTeamCountry "FRA"]
[BlackTeamCountry "FRA"]

1. e4 d5 2. d4 dxe4 3. Nc3 Nf6 4. f3 c6 5. fxe4 e5 6. dxe5 Qxd1+ 7. Nxd1 Nxe4
8. Nf3 Bb4+ 9. c3 Ba5 10. Be3 Bb6 11. Bxb6 axb6 12. Bc4 b5 13. Bd3 Nc5 14. Bc2
Be6 15. a3 Bc4 16. Ne3 Bd3 17. O-O-O Bxc2 18. Kxc2 Nbd7 19. Nf5 g6 20. Nd6+ Ke7
21. Rhf1 h6 22. Rfe1 Rab8 23. b4 Ne6 24. Nxf7 Rhf8 25. Nxh6 Nf4 26. Rd2 Nb6 27.
e6 Nfd5 28. Ne5 Ra8 29. Nxg6+ Ke8 30. Nxf8 Rxa3 31. e7 Ra2+ 32. Kd1 Nxc3+ 33.
Kc1 Ra1+ 34. Kb2 Rxe1 35. Kxc3 Nd5+ 36. Kb3 Re3+ 37. Kb2 Rxe7 38. Rf2 Nxb4 39.
Kc3 c5 40. Nf5 Re1 41. Nd6+ Ke7 42. Nxb7 Rc1+ 43. Kd2 Rc2+ 44. Ke3 Rc3+ 45. Ke2
Rc2+ 46. Kf3 Kxf8 47. Rxc2 Nxc2 48. Nxc5 Kg7 49. Nd3 Kf6 50. Ke4 Kg5 51. Ke5
Ne3 52. Ne1 Ng4+ 1/2-1/2

[Event "Avoine op 25th"]
[Site "Avoine"]
[Date "2010.07.??"]
[Round "6"]
[White "Algaba, Solene"]
[Black "Chochoy, Patrick"]
[Result "1-0"]
[WhiteElo "1995"]
[BlackElo "1692"]
[PlyCount "100"]
[EventDate "2010.07.??"]
[EventType "swiss"]
[EventRounds "9"]
[EventCountry "FRA"]
[WhiteTeamCountry "FRA"]
[BlackTeamCountry "FRA"]

1. e4 c5 2. Nf3 d6 3. d4 cxd4 4. Nxd4 Nf6 5. Nc3 a6 6. f3 e5 7. Nb3 Be6 8. Be3
Be7 9. Be2 d5 10. exd5 Nxd5 11. Nxd5 Qxd5 12. O-O Qxd1 13. Rfxd1 Nd7 14. Rd2
Rc8 15. Rad1 Nf6 16. c3 O-O 17. Na5 b5 18. a3 Rfd8 19. Nb7 Rxd2 20. Rxd2 Bd5
21. Na5 Bd8 22. Bg5 Bxa5 23. Bxf6 gxf6 24. Rxd5 Rd8 25. Rxd8+ Bxd8 26. a4 bxa4
27. Bxa6 Bb6+ 28. Kf1 Bc5 29. Ke2 a3 30. bxa3 Bxa3 31. Kd3 Kf8 32. Ke4 Bb2 33.
c4 f5+ 34. Kxf5 Ke7 35. Bb7 Kd6 36. Bd5 Ke7 37. c5 Ba3 38. c6 Bd6 39. Kg5 e4
40. Bxe4 Bxh2 41. Bxh7 Bc7 42. Be4 Ke6 43. Bf5+ Ke7 44. Bd7 Bd6 45. g4 Bc7 46.
f4 f6+ 47. Kf5 Kf7 48. g5 fxg5 49. fxg5 Bd6 50. c7 Kf8 1-0

[Event "Avoine op 25th"]
[Site "Avoine"]
[Date "2010.07.??"]
[Round "7"]
[White "Chanoine, Guillaume"]
[Black "Shirazi, Kamran G"]
[Result "1/2-1/2"]
[WhiteElo "2276"]
[BlackElo "2428"]
[PlyCount "157"]
[EventDate "2010.07.??"]
[EventType "swiss"]
[EventRounds "9"]
[EventCountry "FRA"]
[WhiteTeamCountry "FRA"]
[BlackTeamCountry "FRA"]

1. e4 c5 2. Nf3 e6 3. d4 cxd4 4. Nxd4 a6 5. c4 Nf6 6. Nc3 Qc7 7. Bd3 Bb4 8. O-O
Bxc3 9. bxc3 d6 10. f4 Nbd7 11. Qf3 b6 12. e5 Bb7 13. exd6 Qb8 14. Qe2 O-O 15.
Be3 Qxd6 16. Rad1 Rfe8 17. Nf3 Qc7 18. Bd4 Qxf4 19. Ne5 Qg5 20. Nxd7 Nxd7 21.
Be3 Qe7 22. Bxh7+ Kxh7 23. Qd3+ f5 24. Qxd7 Rac8 25. Rd4 Be4 26. Qxe7 Rxe7 27.
Bg5 Rec7 28. Bf4 Rxc4 29. Rxc4 Rxc4 30. Be5 Bd5 31. Bd4 g5 32. a3 b5 33. g3 Ra4
34. Bc5 Kg6 35. Rd1 Rc4 36. Bd4 Rc7 37. Ra1 Rh7 38. Be5 Bb3 39. Rb1 Ba4 40. Rb4
Rb7 41. Rd4 Bb3 42. Rd8 f4 43. g4 Kf7 44. Rh8 Bc2 45. Rh5 Rd7 46. Rxg5 Rd1+ 47.
Kf2 Rd2+ 48. Kf3 Rxh2 49. Rg7+ Kf8 50. Ra7 Bd1+ 51. Kxf4 Re2 52. Ra8+ Ke7 53.
Ra7+ Ke8 54. Ra8+ Kd7 55. Ra7+ Kc8 56. Rg7 Rc2 57. Re7 Rg2 58. Rg7 a5 59. g5
Rg4+ 60. Ke3 Bc2 61. Bf6 Bf5 62. Ra7 Ra4 63. Be7 Kb8 64. Rd7 Rc4 65. Bf6 Rg4
66. Re7 Ra4 67. Be5+ Kc8 68. Rc7+ Kd8 69. Bd6 Rxa3 70. Kd4 b4 71. cxb4 Rd3+ 72.
Kc5 axb4 73. Rg7 b3 74. Be7+ Kc8 75. Bf6 Rd2 76. Kb6 Rd6+ 77. Kc5 Rd5+ 78. Kb6
Rd6+ 79. Kc5 1/2-1/2

[Event "Avoine op 25th"]
[Site "Avoine"]
[Date "2010.07.23"]
[Round "6"]
[White "Rabineau, Clement"]
[Black "Carvallo, Henri"]
[Result "1/2-1/2"]
[WhiteElo "2305"]
[BlackElo "2133"]
[PlyCount "163"]
[EventDate "2010.07.??"]
[EventType "swiss"]
[EventRounds "9"]
[EventCountry "FRA"]
[WhiteTeamCountry "FRA"]
[BlackTeamCountry "FRA"]

1. e4 d6 2. d4 Nf6 3. Nc3 e5 4. dxe5 dxe5 5. Qxd8+ Kxd8 6. Bc4 Ke8 7. Nf3 Bd6
8. O-O a6 9. a3 b5 10. Ba2 Bb7 11. Re1 Nbd7 12. Bg5 h6 13. Bh4 Kf8 14. Rad1 g6
15. Bxf6 Nxf6 16. Nd5 Kg7 17. Nxf6 Kxf6 18. Bd5 Bxd5 19. exd5 Rhe8 20. Re4 Kg7
21. Rde1 f5 22. R4e2 Kf6 23. Nd4 e4 24. Nc6 Bc5 25. Kf1 e3 26. f3 f4 27. c4
bxc4 28. Rc2 a5 29. Rxc4 Bd6 30. Ke2 Ra6 31. b3 Rb6 32. Rb1 Rb5 33. Re4 Be5 34.
Nxe5 Rxe5 35. Rxf4+ Ke7 36. Re4 Rbxd5 37. Kxe3 Kd6 38. b4 axb4 39. Rbxb4 Ra5
40. a4 g5 41. Rbd4+ Red5 42. h4 Ra8 43. hxg5 hxg5 44. Rxd5+ Kxd5 45. Rg4 Re8+
46. Kd3 Re5 47. Re4 Rf5 48. a5 Kc6 49. Rc4+ Kb7 50. a6+ Kb6 51. Ra4 Ka7 52. Ke3
Re5+ 53. Kf2 Rb5 54. Kg3 c5 55. Kh2 Rb6 56. Kg3 Rxa6 57. Rc4 Kb6 58. Rg4 Kb5
59. Rxg5 Kb4 60. Rh5 Rg6+ 61. Kf2 c4 62. Rh8 c3 63. Rc8 Kb3 64. f4 c2 65. Kf3
Rd6 66. Ke4 Rg6 67. Kf3 Rd6 68. Kg4 Rg6+ 69. Kh3 Rh6+ 70. Kg3 Rd6 71. Kh4 Rd4
72. Rxc2 Kxc2 73. Kg5 Kd3 74. f5 Ke4 75. Kf6 Rd5 76. g4 Kf4 77. Ke6 Re5+ 78.
Kf6 Ra5 79. Kg6 Ra6+ 80. Kg7 Ra7+ 81. Kg6 Kxg4 82. f6 1/2-1/2

[Event "Avoine op 25th"]
[Site "Avoine"]
[Date "2010.08.??"]
[Round "6"]
[White "Hutois, Mickael"]
[Black "Vigneron, Frederic"]
[Result "1-0"]
[WhiteElo "2133"]
[BlackElo "1925"]
[PlyCount "49"]
[EventDate "2010.07.??"]
[EventType "swiss"]
[EventRounds "9"]
[EventCountry "FRA"]
[WhiteTeamCountry "FRA"]
[BlackTeamCountry "FRA"]

1. e4 d6 2. d4 Nf6 3. Bd3 c6 4. f4 Qa5+ 5. c3 e5 6. Nd2 Nbd7 7. Ngf3 Be7 8.
fxe5 dxe5 9. Nc4 Qc7 10. Ncxe5 Nxe5 11. Nxe5 Bd6 12. Nf3 Be7 13. O-O Bg4 14.
Qc2 Bxf3 15. Rxf3 O-O-O 16. Bf4 Qb6 17. a4 a5 18. Kh1 Rhg8 19. Bg3 g5 20. e5
Nh5 21. Bxh7 Nxg3+ 22. Rxg3 Rh8 23. Rf1 Rdf8 24. Rgf3 c5 25. Rxf7 1-0

[Event "Avoine op 25th"]
[Site "Avoine"]
[Date "2010.08.??"]
[Round "2.39"]
[White "Oei, Hway Ik"]
[Black "Deslias, Gregoire"]
[Result "1-0"]
[WhiteElo "2148"]
[BlackElo "1942"]
[PlyCount "91"]
[EventDate "2010.07.??"]
[EventType "swiss"]
[EventRounds "9"]
[EventCountry "FRA"]
[WhiteTeamCountry "FRA"]
[BlackTeamCountry "FRA"]

1. d4 Nf6 2. c4 e6 3. Nc3 Bb4 4. f3 O-O 5. e4 d6 6. Nge2 Nbd7 7. a3 Bxc3+ 8.
Nxc3 e5 9. Bg5 h6 10. Bh4 b6 11. d5 Re8 12. Bf2 Nh5 13. g3 Qg5 14. Be2 g6 15.
h4 Qd8 16. Qd2 Kg7 17. O-O-O Nc5 18. Kc2 Bd7 19. b3 f5 20. Rdg1 fxe4 21. Be3
Rh8 22. f4 Nf6 23. fxe5 dxe5 24. g4 h5 25. gxh5 Nxh5 26. Rg5 Bf5 27. Rhg1 Kf7
28. Bxh5 Rxh5 29. Rxh5 gxh5 30. Rg5 Bg6 31. Rxe5 Qf6 32. Rg5 Re8 33. Kb2 Nd3+
34. Ka2 Qf1 35. Rg1 Qh3 36. Nb5 Qxh4 37. Nxc7 Rc8 38. Ne6 Qf6 39. Qe2 Kg8 40.
Bd4 Qf5 41. Qe3 Kh7 42. Qg3 Nc5 43. Qd6 Rg8 44. Qe7+ Bf7 45. Rxg8 Kxg8 46. Qf8+
1-0

[Event "Avoine op 25th"]
[Site "Avoine"]
[Date "2010.08.??"]
[Round "6.57"]
[White "Yche, Michel"]
[Black "Fruteau, Sabine"]
[Result "1/2-1/2"]
[WhiteElo "1952"]
[BlackElo "2142"]
[PlyCount "61"]
[EventDate "2010.07.??"]
[EventType "swiss"]
[EventRounds "9"]
[EventCountry "FRA"]
[WhiteTeamCountry "FRA"]
[BlackTeamCountry "FRA"]

1. e4 e5 2. f4 exf4 3. Nf3 g5 4. h4 g4 5. Ne5 h5 6. Bc4 Nh6 7. d4 Bg7 8. Bxf4
d6 9. Bg5 f6 10. Bxh6 dxe5 11. Bxg7 Rh7 12. dxe5 Qxd1+ 13. Kxd1 Rxg7 14. exf6
Rg6 15. Rf1 Nc6 16. Nc3 Ne5 17. Bb3 c6 18. Ke1 Bd7 19. f7+ Ke7 20. Rd1 Be6 21.
Bxe6 Rxe6 22. Rf5 Rh8 23. f8=Q+ Rxf8 24. Rxf8 Kxf8 25. Rd8+ Kg7 26. Ke2 Re7 27.
b3 Rf7 28. Nd1 Rf4 29. Ke3 Rf1 30. Ke2 Rf4 31. Ke3 1/2-1/2

[Event "Avoine op 25th"]
[Site "Avoine"]
[Date "2010.08.??"]
[Round "6"]
[White "Bouget, Alexandre"]
[Black "Le Ray, Olivier"]
[Result "1-0"]
[WhiteElo "2140"]
[BlackElo "1927"]
[PlyCount "52"]
[EventDate "2010.07.??"]
[EventType "swiss"]
[EventRounds "9"]
[EventCountry "FRA"]
[WhiteTeamCountry "FRA"]
[BlackTeamCountry "FRA"]

1. d4 Nf6 2. c4 c5 3. d5 e6 4. Nc3 exd5 5. cxd5 d6 6. e4 g6 7. f4 Bg7 8. Bb5+
Nfd7 9. a4 O-O 10. Nf3 Na6 11. O-O Nb4 12. Re1 Qc7 13. e5 a6 14. Bf1 b6 15. Ne4
dxe5 16. d6 Qd8 17. Bc4 exf4 18. Neg5 Ne5 19. Nxe5 Qxg5 20. Nxf7 Qf6 21. d7
Bxd7 22. Qxd7 Nc2 23. Re4 Rxf7 24. Rxf4 Qe5 25. Rxf7 Qd4+ 26. Qxd4 Bxd4+ 1-0

[Event "Avoine op 25th"]
[Site "Avoine"]
[Date "2010.08.??"]
[Round "6"]
[White "Tache, Benjamin"]
[Black "Maloberti, David"]
[Result "0-1"]
[WhiteElo "1932"]
[BlackElo "2136"]
[PlyCount "146"]
[EventDate "2010.07.??"]
[EventType "swiss"]
[EventRounds "9"]
[EventCountry "FRA"]
[WhiteTeamCountry "FRA"]
[BlackTeamCountry "FRA"]

1. d4 Nf6 2. c4 g6 3. Nc3 Bg7 4. e4 d6 5. Be2 O-O 6. Nf3 e5 7. O-O Nc6 8. d5
Ne7 9. b4 Nh5 10. Re1 f5 11. Ng5 Nf4 12. exf5 Nxf5 13. Bxf4 exf4 14. Nge4 Nd4
15. Rc1 Be5 16. f3 Nf5 17. Qd2 Bd4+ 18. Nf2 Be3 19. Qb2 Bxc1 20. Rxc1 Ne3 21.
Nce4 Bf5 22. Qd4 Qe7 23. Rc3 a5 24. b5 Bxe4 25. Nxe4 Qe5 26. Qxe5 dxe5 27. Nc5
b6 28. Ne6 Rf7 29. g4 Rd7 30. Bd3 Kf7 31. Ng5+ Kf6 32. h4 h6 33. Ne4+ Kg7 34.
Rc1 Rf8 35. Kh2 h5 36. g5 Nf5 37. Kh3 Nd4 38. Kg2 c6 39. Nf6 Rdd8 40. bxc6 Nxc6
41. a3 Ne7 42. Rb1 Nc8 43. Rb5 Rf7 44. c5 bxc5 45. Rxc5 Ra7 46. Be4 Kf7 47. Rc6
Nd6 48. Bd3 Re7 49. Ra6 Nb7 50. Bc4 Kg7 51. Ne4 Rc7 52. Ra7 Kf8 53. Ba6 Rc2+
54. Kh3 Rxd5 55. Rxb7 Rd1 56. Rb8+ Ke7 57. Rb7+ Kd8 58. Rb8+ Kd7 59. Nf6+ Ke7
60. Rb7+ Ke6 61. Rb6+ Kf5 62. Bc8+ Rxc8 63. Nd7 Rh1+ 64. Kg2 Rxh4 65. Rb5 Rc2+
66. Kg1 Kxg5 67. Nxe5 Kf6 68. Nd3 Rh3 69. Rb6+ Ke7 70. Nxf4 Rg3+ 71. Kh1 Rxf3
72. Nxg6+ Kd8 73. Kg1 Rxa3 0-1

[Event "Avoine op 25th"]
[Site "Avoine"]
[Date "2010.??.??"]
[Round "6"]
[White "Purenne, Benoit"]
[Black "Kempinski, Andre"]
[Result "1-0"]
[WhiteElo "1896"]
[BlackElo "2139"]
[PlyCount "48"]
[EventDate "2010.07.??"]
[EventType "swiss"]
[EventRounds "9"]
[EventCountry "FRA"]
[WhiteTeamCountry "FRA"]
[BlackTeamCountry "FRA"]

1. d4 Nf6 2. c4 g6 3. Nc3 Bg7 4. e4 d6 5. Be2 O-O 6. Bg5 c5 7. d5 a6 8. Qd2 Qa5
9. f3 Bd7 10. g4 b5 11. h4 bxc4 12. Nh3 Ra7 13. Rc1 Bb5 14. h5 Rd8 15. hxg6
hxg6 16. Bh6 Bh8 17. Qg5 Nbd7 18. Nf4 Nf8 19. Bxf8 Rxf8 20. Qh4 Bg7 21. Nh5
Nxh5 22. gxh5 Be8 23. e5 Bxe5 24. Kf1 Bg7 1-0

[Event "Avoine op 25th"]
[Site "Avoine"]
[Date "2010.08.??"]
[Round "6"]
[White "Herdier, Goulwenn"]
[Black "Daniel, Jean Claude"]
[Result "1-0"]
[WhiteElo "2112"]
[BlackElo "1894"]
[PlyCount "86"]
[EventDate "2010.07.??"]
[EventType "swiss"]
[EventRounds "9"]
[EventCountry "FRA"]
[WhiteTeamCountry "FRA"]
[BlackTeamCountry "FRA"]

1. e4 c5 2. Nf3 Nc6 3. d4 cxd4 4. Nxd4 e5 5. Nb5 d6 6. c4 a6 7. N5a3 Qh4 8. Nc3
Nf6 9. g3 Qg4 10. f3 Qg6 11. Nc2 Be7 12. Be3 O-O 13. Qd2 Be6 14. O-O-O Rac8 15.
Kb1 Na5 16. b3 Nc6 17. Be2 Nd7 18. g4 f6 19. Na4 Qf7 20. Nb6 Nxb6 21. Bxb6 Bd8
22. Bf2 Bc7 23. h4 Rb8 24. Rc1 Kh8 25. Ne3 Nd4 26. Nd5 Nxe2 27. Qxe2 Bxd5 28.
cxd5 Rbc8 29. Rc4 Qd7 30. Rhc1 Bb8 31. Be3 h6 32. a4 Kh7 33. Kb2 Rxc4 34. Qxc4
b5 35. axb5 axb5 36. Qc6 Qxc6 37. Rxc6 Rf7 38. Ka3 Rb7 39. Bb6 g6 40. Kb4 Rf7
41. Kxb5 f5 42. Rc8 fxg4 43. fxg4 Ba7 1-0

[Event "Avoine op 25th"]
[Site "Avoine"]
[Date "2010.08.??"]
[Round "6"]
[White "Monpeurt, Cyrielle"]
[Black "Bry, Stephane"]
[Result "1-0"]
[WhiteElo "1893"]
[BlackElo "2084"]
[PlyCount "65"]
[EventDate "2010.07.??"]
[EventType "swiss"]
[EventRounds "9"]
[EventCountry "FRA"]
[WhiteTeamCountry "FRA"]
[BlackTeamCountry "FRA"]

1. e4 e6 2. d4 d5 3. Nc3 Nf6 4. Bg5 Bb4 5. e5 h6 6. Bd2 Bxc3 7. Bxc3 Ne4 8. Nf3
Nxc3 9. bxc3 c5 10. Be2 Qa5 11. Qd2 Nc6 12. Rb1 cxd4 13. cxd4 Qxa2 14. O-O Qa5
15. Qf4 Qc7 16. Bd3 a5 17. Qg4 O-O 18. c3 b6 19. Nh4 Ba6 20. Rfd1 a4 21. f4
Bxd3 22. Rxd3 f5 23. exf6 Rxf6 24. f5 e5 25. Qg3 Qb8 26. dxe5 Qxe5 27. Qxe5
Nxe5 28. Rxd5 Nc4 29. Ra1 a3 30. Ng6 Ne3 31. Rxa3 Re8 32. Re5 Rxe5 33. Ra8+ 1-0

[Event "Avoine op 25th"]
[Site "Avoine"]
[Date "2010.08.??"]
[Round "6"]
[White "Voss, Chantal"]
[Black "Sobry, Sebastien"]
[Result "1-0"]
[WhiteElo "1881"]
[BlackElo "2077"]
[PlyCount "81"]
[EventDate "2010.07.??"]
[EventType "swiss"]
[EventRounds "9"]
[EventCountry "FRA"]
[WhiteTeamCountry "FRA"]
[BlackTeamCountry "FRA"]

1. d4 Nf6 2. c4 c5 3. Nf3 cxd4 4. Nxd4 a6 5. Nc3 e6 6. g3 Qc7 7. Bg2 Qxc4 8.
O-O Nc6 9. Nb3 d5 10. Bf4 Be7 11. a3 Nh5 12. Be3 Qg4 13. f4 f5 14. Bb6 Nf6 15.
Rc1 h5 16. Qd3 h4 17. Nd2 hxg3 18. Qxg3 Bd7 19. Nf3 Bd8 20. Bc5 Bc7 21. Ng5 Nh5
22. Qxg4 fxg4 23. f5 exf5 24. Nxd5 Bd8 25. Rcd1 Nf6 26. Nf4 Bc7 27. e4 Nh5 28.
Nd5 Bd8 29. exf5 Bxg5 30. Nc7+ Kd8 31. Nxa8 Nf6 32. Nb6 Kc7 33. Nxd7 Nxd7 34.
Bd6+ Kc8 35. Bd5 Rh3 36. Rfe1 Nd8 37. Re4 Nf6 38. Rc4+ Kd7 39. Bg2 Rb3 40. Bf4+
Ke7 41. Rc7+ 1-0

[Event "Avoine op 25th"]
[Site "Avoine"]
[Date "2010.08.??"]
[Round "6"]
[White "Dessenne, Francois"]
[Black "Pinel, Jeremy"]
[Result "1-0"]
[WhiteElo "2063"]
[BlackElo "1873"]
[PlyCount "63"]
[EventDate "2010.07.??"]
[EventType "swiss"]
[EventRounds "9"]
[EventCountry "FRA"]
[WhiteTeamCountry "FRA"]
[BlackTeamCountry "FRA"]

1. e4 c5 2. Nf3 e6 3. d4 cxd4 4. Nxd4 Nc6 5. Nc3 a6 6. Be2 Qc7 7. O-O Nf6 8.
Be3 Be7 9. f4 d6 10. Kh1 O-O 11. Qe1 Nxd4 12. Bxd4 e5 13. Be3 b5 14. a3 Be6 15.
Qg3 Rfd8 16. Rf2 Bc4 17. Bd3 exf4 18. Bxf4 Nh5 19. Qf3 Nxf4 20. Bxc4 Qxc4 21.
Qxf4 Bf6 22. Nd5 Bxb2 23. Qxf7+ Kh8 24. Raf1 g6 25. Qe7 Bg7 26. Nb6 Re8 27. Qb7
Qg8 28. Nxa8 Rxa8 29. Rf7 Be5 30. Rxh7+ Qxh7 31. Qxa8+ Kg7 32. Qf8# 1-0

[Event "Avoine op 25th"]
[Site "Avoine"]
[Date "2010.08.??"]
[Round "6"]
[White "Heurtebize, Christophe"]
[Black "Baroudel, Jacques"]
[Result "1-0"]
[WhiteElo "2057"]
[BlackElo "1786"]
[PlyCount "69"]
[EventDate "2010.07.??"]
[EventType "swiss"]
[EventRounds "9"]
[EventCountry "FRA"]
[WhiteTeamCountry "FRA"]
[BlackTeamCountry "FRA"]

1. c4 e5 2. g3 Nc6 3. Bg2 g6 4. Nc3 Bg7 5. e4 d6 6. d3 Be6 7. Nge2 Qd7 8. Nd5
Nce7 9. Be3 c6 10. Nxe7 Nxe7 11. Qb3 O-O 12. O-O b5 13. Rfd1 Qc7 14. Qc2 bxc4
15. dxc4 c5 16. f4 Nc6 17. f5 Bd7 18. Nc3 Nd4 19. Qf2 f6 20. Nd5 Qd8 21. b4 Bc6
22. Rab1 Qd7 23. Bh3 Ba4 24. Rdc1 gxf5 25. b5 Qd8 26. Bxf5 a6 27. Bxd4 cxd4 28.
Qe2 h6 29. Qh5 Qe8 30. Qxe8 Raxe8 31. Nb6 axb5 32. cxb5 h5 33. Nd7 Bh6 34. Rc7
d3 35. Nxf8 1-0

[Event "Avoine op 25th"]
[Site "Avoine"]
[Date "2010.08.??"]
[Round "6"]
[White "Laurent, Michel"]
[Black "Stephan, Arthur"]
[Result "1-0"]
[WhiteElo "2054"]
[BlackElo "1881"]
[PlyCount "73"]
[EventDate "2010.07.??"]
[EventType "swiss"]
[EventRounds "9"]
[EventCountry "FRA"]
[WhiteTeamCountry "FRA"]
[BlackTeamCountry "FRA"]

1. d4 d5 2. Nf3 Nf6 3. Bf4 Bf5 4. c4 e6 5. Qb3 Bd6 6. Bxd6 cxd6 7. cxd5 Nxd5 8.
Nbd2 Nf6 9. e3 Nbd7 10. Be2 Qb6 11. Nc4 Qc7 12. Qxb7 Qxb7 13. Nxd6+ Ke7 14.
Nxb7 Rab8 15. Na5 Rxb2 16. Nc4 Rc2 17. Nfd2 Rc8 18. f3 Nb6 19. Nxb6 axb6 20. e4
Bg6 21. Bd3 Rc1+ 22. Ke2 R1c3 23. Nb3 Ra8 24. Rhc1 Nd5 25. exd5 Rxd3 26. dxe6
fxe6 27. Kf2 Bf7 28. Re1 Rc3 29. d5 Rc2+ 30. Kg3 Kd6 31. dxe6 Bg6 32. Rad1+ Ke7
33. Rd7+ Kf6 34. Nc1 Ra5 35. h4 Bf5 36. Rd6 Ke7 37. Rxb6 1-0

[Event "Avoine op 25th"]
[Site "Avoine"]
[Date "2010.08.??"]
[Round "6"]
[White "Naudion, Gregoire"]
[Black "Oney, Remel"]
[Result "1-0"]
[WhiteElo "2049"]
[BlackElo "1892"]
[PlyCount "53"]
[EventDate "2010.07.??"]
[EventType "swiss"]
[EventRounds "9"]
[EventCountry "FRA"]
[WhiteTeamCountry "FRA"]
[BlackTeamCountry "FRA"]

1. e4 e5 2. Nf3 Nc6 3. d4 exd4 4. Bc4 Be7 5. c3 d3 6. Qxd3 Nf6 7. e5 Ng4 8. Qd5
O-O 9. h3 Nh6 10. Bxh6 gxh6 11. Bd3 d6 12. Qe4 f5 13. exf6 Rf7 14. Bc4 Bxf6 15.
Bxf7+ Kxf7 16. Qxh7+ Bg7 17. O-O Qf6 18. Qe4 Bd7 19. Nbd2 Re8 20. Qh4 Qg6 21.
Rfe1 Bf6 22. Qg3 Qc2 23. Rxe8 Bxe8 24. Re1 Qxb2 25. Ne4 Bxc3 26. Nxc3 Qxc3 27.
Ng5+ 1-0

[Event "Avoine op 25th"]
[Site "Avoine"]
[Date "2010.08.??"]
[Round "6"]
[White "Bruneau, Francois"]
[Black "Salles, Louis"]
[Result "1-0"]
[WhiteElo "2032"]
[BlackElo "1775"]
[PlyCount "97"]
[EventDate "2010.07.??"]
[EventType "swiss"]
[EventRounds "9"]
[EventCountry "FRA"]
[WhiteTeamCountry "FRA"]
[BlackTeamCountry "FRA"]

1. e4 c5 2. Nc3 Nc6 3. Bb5 g6 4. Bxc6 bxc6 5. d3 Bg7 6. Rb1 Rb8 7. Bd2 d6 8. f4
Nf6 9. Nf3 O-O 10. O-O Ba6 11. b3 d5 12. Qe2 e6 13. Kh1 dxe4 14. Nxe4 Nxe4 15.
Qxe4 Qd5 16. Rbe1 Rfd8 17. Ba5 Rd7 18. Ne5 Bxe5 19. Qxe5 Qxe5 20. Rxe5 Rd5 21.
Rfe1 Kf8 22. Kg1 Ke7 23. Bc3 Rbd8 24. Bb2 Kd7 25. Ba3 Kc7 26. Bxc5 Kb7 27. d4
Kb8 28. c4 R5d7 29. g4 Bc8 30. R5e3 Rb7 31. g5 e5 32. fxe5 Bf5 33. Rf3 h5 34.
Ref1 Be6 35. Rf6 Re8 36. Kf2 Rd7 37. Ke3 Kb7 38. Kd3 Rc7 39. h4 Rd7 40. Bd6
Bf5+ 41. R6xf5 gxf5 42. Rxf5 Re6 43. d5 cxd5 44. cxd5 Rg6 45. Kd4 Kc8 46. Kc5
Rb7 47. b4 Kd8 48. b5 Rd7 49. e6 1-0

[Event "Avoine op 25th"]
[Site "Avoine"]
[Date "2010.08.??"]
[Round "6"]
[White "Dupeux, Denis"]
[Black "Farou, Fabrice"]
[Result "1/2-1/2"]
[WhiteElo "1860"]
[BlackElo "2029"]
[PlyCount "56"]
[EventDate "2010.07.??"]
[EventType "swiss"]
[EventRounds "9"]
[EventCountry "FRA"]
[WhiteTeamCountry "FRA"]
[BlackTeamCountry "FRA"]

1. d4 d5 2. c4 c6 3. Nc3 Nf6 4. Nf3 e6 5. cxd5 exd5 6. Bg5 Be7 7. e3 Ne4 8.
Bxe7 Qxe7 9. Qc2 Bf5 10. Bd3 Nd7 11. O-O O-O 12. Rfe1 Bg6 13. Nd2 f5 14. f3 Ng5
15. e4 fxe4 16. fxe4 Qf6 17. Nb3 dxe4 18. Nxe4 Nxe4 19. Bxe4 Bxe4 20. Rxe4 Nb6
21. Nc5 Rae8 22. h3 Rxe4 23. Qxe4 Qf2+ 24. Kh2 Qxb2 25. Qe6+ Kh8 26. Rf1 Rg8
27. Nxb7 Nc4 28. Qxc4 Qxb7 1/2-1/2

[Event "Avoine op 25th"]
[Site "Avoine"]
[Date "2010.07.21"]
[Round "7.1"]
[White "Fomichenko, Eduard"]
[Black "Tirard, Hugo"]
[Result "1/2-1/2"]
[WhiteElo "2458"]
[BlackElo "2443"]
[PlyCount "137"]
[EventDate "2010.07.??"]
[EventType "swiss"]
[EventRounds "9"]
[EventCountry "FRA"]
[WhiteTeamCountry "FRA"]
[BlackTeamCountry "FRA"]

1. c4 Nf6 2. Nc3 g6 3. e4 d6 4. Nf3 Bg7 5. d4 O-O 6. Be2 c5 7. O-O Nc6 8. d5
Na5 9. Bd2 e5 10. Qc2 b6 11. b3 Qe7 12. Ne1 Bd7 13. Nd3 Rae8 14. Rae1 Nb7 15.
Bd1 Qd8 16. f4 exf4 17. Bxf4 Ng4 18. Nb5 Ne5 19. Nxa7 Qa8 20. Bxe5 dxe5 21. Nb5
Bxb5 22. cxb5 Nd6 23. a4 f5 24. Bf3 fxe4 25. Bxe4 Rxf1+ 26. Kxf1 Nxe4 27. Rxe4
Qxd5 28. Qc4 Qxc4 29. Rxc4 e4 30. Nf2 Bd4 31. Ke2 Kf7 32. b4 Ke6 33. bxc5 Kd5
34. Rc2 Bxc5 35. Ng4 Ra8 36. Nf6+ Kd4 37. Rd2+ Kc4 38. Nxe4 Rxa4 39. Rb2 Kd4
40. Nxc5 bxc5 41. Rd2+ Ke4 42. Rb2 Ra7 43. b6 Rb7 44. Rb5 Kd4 45. h4 Kc4 46.
Rb1 Kd5 47. h5 gxh5 48. Kd3 Kc6 49. Rh1 Kxb6 50. Rxh5 Kb5 51. Kc3 Rg7 52. g4
Kc6 53. Kd3 Kd6 54. Rh6+ Ke5 55. Rh5+ Kf4 56. Rxc5 Kxg4 57. Ke2 Rf7 58. Rc8 h5
59. Rg8+ Kh3 60. Rg6 h4 61. Rg8 Kh2 62. Rg6 Ra7 63. Kf2 Ra2+ 64. Kf1 h3 65. Rg8
Rg2 66. Rh8 Rg6 67. Rf8 Kg3 68. Kg1 h2+ 69. Kh1 1/2-1/2

[Event "Avoine op 25th"]
[Site "Avoine"]
[Date "2010.08.??"]
[Round "7.2"]
[White "Saatdjian, Thomas"]
[Black "Drenchev, Petar"]
[Result "0-1"]
[WhiteElo "2369"]
[BlackElo "2514"]
[PlyCount "72"]
[EventDate "2010.07.??"]
[EventType "swiss"]
[EventRounds "9"]
[EventCountry "FRA"]
[WhiteTeamCountry "FRA"]
[BlackTeamCountry "FRA"]

1. Nf3 d5 2. c4 d4 3. g3 c5 4. b4 cxb4 5. a3 bxa3 6. Bxa3 Nc6 7. d3 Nf6 8. Bg2
g6 9. Nbd2 Bg7 10. Nb3 O-O 11. O-O Re8 12. Bb2 e5 13. Qd2 Qe7 14. Ne1 Rb8 15.
Nc2 b5 16. c5 Be6 17. Nb4 Nxb4 18. Qxb4 Nd5 19. Qa5 Rec8 20. Rfc1 b4 21. Kf1
Nc3 22. Nd2 Bh6 23. Ke1 Bg4 24. f3 Be6 25. Qxa7 Qd8 26. h4 Qf8 27. f4 Rxc5 28.
Ne4 Rcc8 29. fxe5 Nxe4 30. Rxc8 Bd2+ 31. Kf1 Nxg3+ 32. Kf2 Rxc8 33. Kxg3 Bc3
34. Rb1 Qc5 35. Qxc5 Rxc5 36. Kf4 Ba2 0-1

[Event "Avoine op 25th"]
[Site "Avoine"]
[Date "2010.07.17"]
[Round "7"]
[White "Perrin, Guillaume"]
[Black "Galdunts, Sergey"]
[Result "1/2-1/2"]
[WhiteElo "2301"]
[BlackElo "2459"]
[PlyCount "78"]
[EventDate "2010.07.??"]
[EventType "swiss"]
[EventRounds "9"]
[EventCountry "FRA"]
[WhiteTeamCountry "FRA"]
[BlackTeamCountry "FRA"]

1. e4 e5 2. Nf3 Nc6 3. Bb5 a6 4. Bxc6 dxc6 5. O-O Qd6 6. Na3 Be6 7. Qe2 f6 8.
c3 Bg4 9. Rd1 Qe6 10. Nc2 Nh6 11. d4 Nf7 12. b3 Bd6 13. c4 O-O 14. d5 cxd5 15.
cxd5 Qe8 16. Ne3 Bxf3 17. gxf3 Bc5 18. Nf5 Nd6 19. Be3 Nxf5 20. exf5 Bd6 21.
Qc4 g6 22. Qg4 Kh8 23. Kh1 Rg8 24. Rg1 Qf7 25. Rad1 Rad8 26. Qe4 Be7 27. fxg6
Rxg6 28. Rxg6 hxg6 29. f4 f5 30. Qc4 c6 31. fxe5 Rxd5 32. Rxd5 Qxd5+ 33. Qxd5
cxd5 34. Kg2 Kg7 35. f4 Bb4 36. Bd4 Kf7 37. Kf3 Ke6 38. Ke3 Be7 39. h3 g5
1/2-1/2

[Event "Avoine op 25th"]
[Site "Avoine"]
[Date "2010.07.19"]
[Round "7"]
[White "Terrieux, Kevin"]
[Black "Debray, Christopher"]
[Result "1/2-1/2"]
[WhiteElo "2437"]
[BlackElo "2362"]
[PlyCount "47"]
[EventDate "2010.07.??"]
[EventType "swiss"]
[EventRounds "9"]
[EventCountry "FRA"]
[WhiteTeamCountry "FRA"]
[BlackTeamCountry "FRA"]

1. e4 e5 2. Nf3 Nc6 3. d4 exd4 4. Nxd4 Qf6 5. Be3 Bc5 6. c3 Qg6 7. Nd2 Nf6 8.
f4 Nxd4 9. cxd4 Bb4 10. f5 Qg4 11. Qxg4 Nxg4 12. Bf4 d5 13. h3 Nf6 14. e5 Ne4
15. g4 h5 16. Bg2 hxg4 17. hxg4 Rxh1+ 18. Bxh1 g6 19. Bxe4 dxe4 20. Ke2 gxf5
21. Rh1 b6 22. gxf5 Bxf5 23. Rh8+ Bf8 24. Ke3 1/2-1/2